capital investment and financial decisions (Record no. 28031)

MARC details
000 -LEADER
fixed length control field 00314nam a2200121Ia 4500
082 ## - DEWEY DECIMAL CLASSIFICATION NUMBER
Classification number 330.142.211
Item number LEV
100 ## - MAIN ENTRY--AUTHOR NAME
Personal name LEVY, H
245 #0 - TITLE STATEMENT
Title capital investment and financial decisions
260 ## - PUBLICATION, DISTRIBUTION, ETC. (IMPRINT)
Place of publication London
Name of publisher Prentice Hall
Year of publication 1978
700 ## - ADDED ENTRY--PERSONAL NAME
Personal name SARNAT, M
942 ## - ADDED ENTRY ELEMENTS (KOHA)
Koha item type Books
Holdings
Withdrawn status Lost status Damaged status Not for loan Home library Current library Date acquired Full call number Accession Number Koha item type
        RRII Library RRII Library 16/12/2021 330.142.211 LEV 08646 Books